000 00387nam a2200157Ia 4500
008 100122s9999 xx 000 0 und d
082 _b59809
_aB823.08
100 _aBLYTON ENID
245 _aFIFTH FORMERS OF ST.CLARES
250 _a0
260 _bMAMMOTH
_c1997
300 _a159
630 _aFIFTH FORMERS OF ST.CLARES
730 _aFIFTH FORMERS OF ST.CLARES
942 _cBOOK
999 _c377725
_d377722